| 000 | 00408nam a22001697a 4500 | ||
|---|---|---|---|
| 003 | OSt | ||
| 005 | 20211013100021.0 | ||
| 008 | 211013b |||||||| |||| 00| 0 eng d | ||
| 040 | _cHAWASSA UNIVERSITY | ||
| 050 |
_a631.45/SOI _b1 |
||
| 082 |
_a631.45/SOI _b1 |
||
| 100 |
_aKIRKBY M.J. _913154 |
||
| 245 | _aSOIL EROSION | ||
| 260 |
_aNEW YORK _bBRISBANE _c1980 |
||
| 300 | _axiii/312 | ||
| 942 |
_2ddc _cBOOKS _n0 |
||
| 999 |
_c12272 _d12272 |
||